Memorandum con fecha 17 de Febrero de 1928

Síntesis: El Lic. Rafael Ceniceros Villarreal Presidente de la Liga envia este documento en el que aborda varios asuntos de manera muy general. Acerca del asesinato de unos franciscanos; el asunto relacionado a la venta de ganado en el extranjero; de la donación de las joyas por el Arzobispo de Dura...

Ful tanımlama

Kaydedildi:
Detaylı Bibliyografya
Yazar: Ceniceros y Villarreal, Rafael (autor)
Materyal Türü: Kitap
Konular:
Etiketler: Etiketle
Etiket eklenmemiş, İlk siz ekleyin!

MARC

LEADER 00000nam^a2200000^a^4500
001 000251054
005 20250526000000.0
009 20260310105839.762
035 |a R02056 
037 |a Acervo Xavier Clavigero 
082 |a 21. 1  |b CEN V. LIBRO 12 DOC 12/77 
100 |a Ceniceros y Villarreal, Rafael  |e (autor) 
245 1 0 |a Memorandum con fecha 17 de Febrero de 1928 
264 |a México, D.F. :  |b Destinatario: LNDLR,  |c 1928 
300 |a 4 fojas, mecanuscrito, 21.5x28cms. 
336 |a texto  |b txt  |2 rdacontenido 
337 |a sin mediación  |b n  |2 rdamedio 
338 |a volumen  |b nc  |2 rdasoporte 
520 |a Síntesis: El Lic. Rafael Ceniceros Villarreal Presidente de la Liga envia este documento en el que aborda varios asuntos de manera muy general. Acerca del asesinato de unos franciscanos; el asunto relacionado a la venta de ganado en el extranjero; de la donación de las joyas por el Arzobispo de Durango José Ma. González y Valencia, para apoyar el movimiento cristero; la recolección de fondos en el extranjero para apoyar el movimiento cristero, entre otros, etc. etc. 
598 |a Documento 
598 |a En la biblioteca del ILFC, Guadalajara, Jal. 
598 |a Lugares que cita el documento: Canadá, Europa, Laredo Texas, E.U., La Habana Cuba, Queretaro, México, Guanajuato, México., Zamora, Michoacán, ecuandoreo, Mich., Morelia, Michoacán, México, D.F. 
649 |a XX 
650 |a Guerra Cristera 
650 |a Ceniceros y Villarreal, Rafael 
650 |a Guerra Cristera 
650 |a Guerra Cristera 
650 |a Martínez y Rodríguez, Luis María 
650 |a Capistrán Garza, René 
650 |a González Valencia, José María 
650 |a Díaz y Barreto, Pascual 
650 |a * Bustos, Luis G. 
650 |a Gorostieta Velarde, Enrique 
650 |a * Alcorta, Luis 
650 |a * Ontiveros, Bartolomé 
650 |a * Blanco, Carlos 
650 |a * Morrow, Whitney Dwight 
650 |a * Ruiz y Flores, Leopoldo 
650 |a * Martínez, Humilde 
650 |a * Vega, Junípero de La 
650 |a * López de Lara, Guillermo 
650 |a * Laín, Juan 
650 |a * Palomar y Vizcarra, Miguel 
650 |a * Parsons, Wilfrido 
650 |a * Barquín y Ruiz, Andrés 
650 |a * Ortiz Monasterio, José 
600 |a Navarro Origel, Luis 
910 |a Fondo Jesús Gómez Fregoso S.J. FXC 
920 |a Impresos - Documentos 
930 |a Libros Antiguos y Raros 
940 |a Guerra Cristera 
905 |a 110 
901 |a R02056  |b IT2  |c LRA  |i R02056  |u 20250526 
902 |a https://opac.biblio.iteso.mx/vufind/Record/000251054